|
|
|
|
| LEADER |
00000nam0a2200000 4500 |
| 001 |
113615 |
| 005 |
20231031121934.0 |
| 010 |
|
|
|a 5853880063
|
| 020 |
|
|
|a RU
|b 93-18678
|
| 035 |
|
|
|a (RuTPU)RU\TPU\book\122877
|
| 090 |
|
|
|a 113615
|
| 100 |
|
|
|a 20070413d1993 m y0rusy5003 ca
|
| 101 |
0 |
|
|a rus
|
| 102 |
|
|
|a RU
|
| 105 |
|
|
|a a z 000ay
|
| 200 |
1 |
|
|a Святой доктор Федор Петрович
|e [О Ф. П. Гаазе]
|f Л. З. Копелев
|
| 210 |
|
|
|a СПб.
|c Петро-РИФ
|d 1993
|
| 215 |
|
|
|a 189,[2] с., [4] л. ил.
|c портр.
|d 22 см
|
| 225 |
1 |
|
|a Личность и история
|
| 320 |
|
|
|a Кн. изд. Л. З. Копелева: с. 189-190
|
| 600 |
|
1 |
|a Гааз
|b Ф. П.
|c российский врач-филантроп, общественный деятель
|f 1780-1953
|g Федор Петрович
|c выходец из Германии
|2 stltpush
|3 (RuTPU)RU\TPU\pers\14806
|
| 610 |
1 |
|
|a русская литература
|
| 610 |
1 |
|
|a Россия
|
| 610 |
1 |
|
|a 19 век
|
| 610 |
1 |
|
|a медицина
|
| 610 |
1 |
|
|a история
|
| 675 |
|
|
|a Р1
|z rus
|v 3
|
| 700 |
|
1 |
|a Копелев
|b Л. З.
|g Лев Зиновьевич
|4 070
|
| 801 |
|
0 |
|a RU
|b RuMRKP
|c 19950413
|g psbo
|
| 801 |
|
1 |
|a RU
|b 63413507
|c 20070413
|g PSBO
|
| 801 |
|
2 |
|a RU
|b 63413507
|c 20070814
|g PSBO
|
| 942 |
|
|
|c BK
|